| 000 | 01000nam a2200277Ia 4500 | ||
|---|---|---|---|
| 001 | Para_3024 | ||
| 003 | CHAP | ||
| 008 | 220125s1977 xx 000 0 und d | ||
| 010 | _a201533 | ||
| 040 | _cCHAP | ||
| 090 | _aPA TESIS 258 | ||
| 100 |
_aRegalado Ortíz, Alfredo _995621 |
||
| 245 |
_aEvaluación del herbicida Suffix en el control de avena silvestre (Avena fatua L.) en trigo / _c Alfredo Regalado Ortíz |
||
| 260 |
_aChapingo, Méx. : _b El autor |
||
| 300 | _a59 h. | ||
| 502 | _aTesis (Ing. Agr. Esp. en Parasitología Agrícola) -- ENA. Departamento de Parasitología Agrícola | ||
| 650 |
_aAvena fatua Herbicidas Trigo _x Malas hierbas _x Control Malas hierbas _x Competencia Trigo _x Rendimiento _9166463 |
||
| 710 |
_aENA. Departamento de Parasitología Agrícola _936701 |
||
| 901 | _aPA TESIS 258 | ||
| 902 | _aA | ||
| 905 | _a0000001977 CHAa 0000000000 00 | ||
| 910 | _a1977 | ||
| 942 | _cPARA | ||
| 942 |
_cPARA _d1 |
||
| 999 |
_c201533 _d201533 |
||